[Event "Regionalliga SO 0001"]
[Site "Bayern"]
[Date "2000.11.12"]
[Round "2.1"]
[White "Geller, Arpad"]
[Black "Pezerovic, Edin"]
[Result "0-1"]
[WhiteElo "1774"]
[BlackElo "2420"]
[PlyCount "172"]
[EventDate "2000.10.15"]
[EventType "team-tourn"]
[EventRounds "9"]
[EventCountry "GER"]
[SourceTitle "EXT 2020"]
[Source "ChessBase"]
[SourceDate "2019.10.17"]
[SourceVersion "1"]
[SourceVersionDate "2019.10.17"]
[SourceQuality "1"]
[WhiteTeam "Passau II"]
[BlackTeam "Tegernsee TV II"]
[WhiteTeamCountry "GER"]
[BlackTeamCountry "GER"]

1. d4 Nf6 2. c4 e6 3. Nc3 Bb4 4. e3 0-0 5. Nf3 b6 6. Bd3 Bb7 7. 0-0 Qe7 8. Bd2 d6 9. a3 Bxc3 10. Bxc3 Ne4 11. Be1 f5 12. Qe2 Nd7 13. Nd2 Nxd2 14. Bxd2 e5 15. Rac1 Rae8 16. Rfe1 e4 17. Bc2 Rf6 18. Ba4 Ref8 19. c5 bxc5 20. Bxd7 Qxd7 21. dxc5 d5 22. Bc3 Rg6 23. f4 exf3 24. Qxf3 Qe6 25. Bd4 Ba6 26. Rcd1 Rg4 27. Bc3 c6 28. Rd4 Rg6 29. Rdd1 h6 30. Qf4 Re8 31. Rd4 Bb5 32. h3 Rg5 33. Qf3 Qg6 34. Kh2 Qe6 35. Kh1 Bc4 36. Qf4 Qg6 37. Qf3 Bb3 38. Rd2 Re4 39. Qf2 Bc4 40. Kh2 Qe8 41. Rdd1 Qe7 42. Bd4 Qf7 43. Bc3 Qf8 44. b4 Re6 45. Rd4 Reg6 46. Rg1 Qe7 47. Qf4 Rg3 48. Bd2 R3g5 49. Be1 Qf7 50. Bh4 Rh5 51. Bd8 Rg4 52. Qf3 Qg6 53. Re1 Qe6 54. Red1 Qe8 55. Kg1 Re4 56. Rxe4 fxe4 57. Qg4 Qf7 58. Bc7 Rg5 59. Qf4 Rf5 60. Qg3 Qh5 61. Re1 Rg5 62. Qf4 Be2 63. Kh2 Bd3 64. Bd6 Qg6 65. Qf2 Qe6 66. Qf4 Rf5 67. Qg3 Qf6 68. Qg4 Rf2 69. Qg3 Bf1 70. Be5 Qf7 71. Qxg7+ Qxg7 72. Bxg7 Kxg7 73. Kg1 Rxg2+ 74. Kxf1 Rb2 75. Re2 Rb3 76. Kf2 Kf6 77. Rd2 Ke5 78. Rd1 Rb2+ 79. Kg3 Re2 80. b5 cxb5 81. Rc1 Rxe3+ 82. Kg2 Rf3 83. c6 Rf8 84. c7 Rc8 85. Rc6 a5 86. Kg3 b4 0-1

[Event "HUN-chT 9697"]
[Site "Hungary"]
[Date "1996.??.??"]
[Round "2"]
[White "Lorincz, Istvan"]
[Black "Geller, Arpad"]
[Result "1/2-1/2"]
[WhiteElo "2375"]
[BlackElo "2290"]
[PlyCount "114"]
[EventDate "1996.??.??"]
[EventType "team"]
[EventRounds "12"]
[EventCountry "HUN"]
[SourceTitle "EXT 2006"]
[Source "ChessBase"]
[SourceDate "2005.11.24"]
[SourceVersion "1"]
[SourceVersionDate "2005.11.24"]
[SourceQuality "1"]
[WhiteTeam "Statisztika"]
[BlackTeam "Matador"]
[WhiteTeamCountry "HUN"]
[BlackTeamCountry "HUN"]

1. d4 Nf6 2. Nf3 g6 3. Bf4 Bg7 4. e3 0-0 5. h3 d6 6. c3 Nbd7 7. a4 Re8 8. Bc4 h6 9. a5 e6 10. Bh2 Qe7 11. Na3 a6 12. Bb3 Ne4 13. Qc2 Ng5 14. Nd2 b5 15. axb6 Nxb6 16. 0-0 Bb7 17. f4 Nh7 18. e4 d5 19. f5 exf5 20. exf5 g5 21. Nf3 f6 22. Rae1 Qd7 23. Qd3 Bf8 24. Nc2 a5 25. Rxe8 Rxe8 26. Re1 Rxe1+ 27. Nfxe1 c6 28. Ne3 Bd6 29. Bxd6 Qxd6 30. c4 Ba6 31. Qc3 dxc4 32. Nxc4 Bxc4 33. Bxc4+ Nxc4 34. Qxc4+ Kg7 35. Nf3 Nf8 36. Qa6 Qd5 37. Kf2 h5 38. g4 hxg4 39. hxg4 Kf7 40. Qc8 Ke7 41. Qa6 Nd7 42. Qe2+ Kd6 43. Kg3 Qb3 44. Kf2 Nb6 45. Nd2 Qd5 46. Ne4+ Kc7 47. Qd3 Nd7 48. Ke3 Kb6 49. Qa3 Qc4 50. Qd6 Qd5 51. Qe7 Qb3+ 52. Nc3 Kc7 53. Qa3 Qxa3 54. bxa3 Nb6 55. a4 Nd5+ 56. Nxd5+ cxd5 57. Kf2 Kd7 1/2-1/2

[Event "Regionalliga SO 9495"]
[Site "Bayern"]
[Date "1995.??.??"]
[Round "?.1"]
[White "Geller, Arpad"]
[Black "Anka, Emil"]
[Result "0-1"]
[WhiteElo "2285"]
[BlackElo "2375"]
[PlyCount "120"]
[EventDate "1994.10.??"]
[EventType "team-tourn"]
[EventRounds "9"]
[EventCountry "GER"]
[SourceTitle "EXT 1999"]
[Source "ChessBase"]
[SourceDate "1998.11.16"]
[SourceVersion "1"]
[SourceVersionDate "1998.11.16"]
[SourceQuality "1"]
[WhiteTeam "Passau II"]
[BlackTeam "Trostberg TSV"]
[WhiteTeamCountry "GER"]
[BlackTeamCountry "GER"]

1. d4 Nf6 2. c4 e6 3. Nc3 Bb4 4. e3 c5 5. Nf3 0-0 6. Bd3 d5 7. 0-0 Nc6 8. a3 Bxc3 9. bxc3 dxc4 10. Bxc4 Qc7 11. Bb5 b6 12. Bb2 Bb7 13. Qe2 e5 14. Nxe5 Nxe5 15. dxe5 Qxe5 16. c4 Qe7 17. Rad1 Rad8 18. Rxd8 Rxd8 19. Rd1 Rxd1+ 20. Qxd1 h6 21. Qd3 Ne4 22. f3 Nd6 23. e4 f6 24. Ba4 Qe6 25. Bb3 Kf7 26. e5 fxe5 27. Qc3 Qg6 28. Qxe5 Bxf3 29. Qf4+ Kg8 30. Qxf3 Qb1+ 31. Qd1 Qxb2 32. Qxd6 Qxb3 33. Qe6+ Kf8 34. Qc8+ Ke7 35. Qb7+ Kd6 36. Qd5+ Kc7 37. Qf7+ Kb8 38. Qf8+ Kb7 39. Qxg7+ Ka6 40. Qf7 Qxa3 41. g4 Qh3 42. Qg7 Qe3+ 43. Kg2 Qe4+ 44. Kg3 Qxc4 45. Qxh6 Qd3+ 46. Kf2 Qd4+ 47. Kf3 Qd1+ 48. Kg3 c4 49. Qe3 Qb3 50. Kf4 c3 51. g5 Qc4+ 52. Ke5 c2 53. Qc1 Qe2+ 54. Kf6 Qd1 55. Qa3+ Kb7 56. Qe7+ Kc6 57. Qe4+ Kc5 58. Qe5+ Kc4 59. Qc7+ Kb5 60. Qe5+ Ka6 0-1

[Event "Regionalliga SO 9495"]
[Site "Bayern"]
[Date "1995.??.??"]
[Round "?.1"]
[White "Geller, Arpad"]
[Black "Gradwohl, Manfred"]
[Result "1-0"]
[WhiteElo "2285"]
[BlackElo "2125"]
[PlyCount "75"]
[EventDate "1994.10.??"]
[EventType "team-tourn"]
[EventRounds "9"]
[EventCountry "GER"]
[SourceTitle "EXT 1999"]
[Source "ChessBase"]
[SourceDate "1998.11.16"]
[SourceVersion "1"]
[SourceVersionDate "1998.11.16"]
[SourceQuality "1"]
[WhiteTeam "Passau II"]
[BlackTeam "Freising SK"]
[WhiteTeamCountry "GER"]
[BlackTeamCountry "GER"]

1. d4 f5 2. g3 Nf6 3. Bg2 g6 4. Nf3 Bg7 5. 0-0 0-0 6. c4 d6 7. Nc3 Qe8 8. b3 e5 9. dxe5 dxe5 10. e4 Nc6 11. Nd5 Qd7 12. exf5 e4 13. Nd2 gxf5 14. Bb2 Nxd5 15. Bxg7 Kxg7 16. cxd5 Qxd5 17. Qc2 Rd8 18. Nc4 Qd3 19. Qc1 Qd4 20. Qf4 Be6 21. Qxc7+ Rd7 22. Qf4 Bxc4 23. bxc4 Qf6 24. Bxe4 fxe4 25. Qg4+ Kh8 26. Qxd7 Ne5 27. Qh3 Nxc4 28. Rac1 b5 29. Rfd1 Rf8 30. Qg2 Qb6 31. Qxe4 Qxf2+ 32. Kh1 Ne3 33. Rg1 a5 34. Rce1 Rf3 35. Qe5+ Kg8 36. Qxb5 h6 37. Qe2 Ng4 38. Qe6+ 1-0